Statistiken für Berühmte Ungarn

Klicken Sie hier um das Quiz zu spielen!

Allgemein

  • Dieses Quiz wurde 58 mal gespielt
  • Das Durchschnittsergebnis liegt bei 6 aus 20

Antwortstatistiken

HintAntwort% Korrekt
Aktueller Ministerpräsident UngarnsViktor Orbán
84%
Erfinder des ZauberwürfelsErnö Rubik
65%
Schauspielerin (u.a. Moulin Rouge, Im Zeichen des Bösen), heiratete zahlreiche Millionäre wie Conrad Hilton und zuletzt Frédéric Prinz von AnhaltZsa Zsa Gabor
53%
Komponist und Klaviervirtuose: Faust-Sinfonie, entwickelte die Symphonische Dichtung, schrieb viele KlavierstückeFranz Liszt
51%
In die USA emigrierter Entfesselungskünstler, welcher als einer der größten Zauberer aller Zeiten giltHarry Houdini
45%
Milliardär und Investor, Unterstützer verschiedener liberaler Stiftungen, Ziel von antisemitischen VerschwörungstheorienGeorge Soros
41%
Schwimmer und Schauspieler: 5x Olympiagold 1924 und 1928, spielte von 1932 - 1948 12x Tarzan im KinoJohnny Weissmüller
35%
Erster christlicher König Ungarns, seine nach ihm benannte Krone ist Teil des Ungarischen StaatswappensStefan der Heilige
35%
Prinzessin, die an einen thüringischen Prinz verheiratet, sich für die Armen aufopferte und als deutsche Nationalheilige giltElisabeth von Thüringen
29%
Komponist der Moderne: Herzog Blaubarts Burg, Der holzgeschnitzte Prinz, Der wunderbare Mandarin, MikrokosmosBéla Bartók
27%
Journalist und Zeitungsherausgeber, Besitzer der New York World, stiftete einen renommierten JournalismuspreisJoseph Pulitzer
24%
"Retter der Mütter", der Kindbettfieber erfolgreich durch Einführung von Hygienevorschriften bekämpfen konnteIgnatius Semmelweis
20%
Mathematiker, Physiker und Informatiker, Teil des Manhattan-Programms, entwickelte die grundlegende ComputerarchitekturJohn von Neumann
16%
Großfürst der Magyaren, der die Ungarn ins Karpartenbecken führte und eine vom 9. bis ins 14. Jahrhundert regierende Dynastie gründeteÁrpád
14%
Schauspieler, Dracula in Dracula (1931), Legendre in The White Zombie; Lied von BauhausBela Lugosi
14%
Blutgräfin, die im 17. Jahrhundert wegen Mordes und Folter vieler Diener (evtll bis zu 80) zu Tode verurteilt wurdeElisabeth Báthory
14%
Reichsverweser Ungarns von 1920 bis 1944, Faschist und Antisemit, Verbündeter HitlersMiklós Horthy
14%
Vater der WasserstoffbombeEdward Teller
8%
Komponist der Neuen Musik, entwickelte die Klangflächenkomposition: Atmosphères (bekannt aus 2001: Odyssee im Weltraum)György Ligeti
6%
Neomarxistischer Philosoph: Geschichte und Klassenbewußtsein, Die Theorie des RomansGeorg Lukács
4%

Verteilung der Resultate

Perzentil nach korrekt beantworteten Fragen

Anzahl Personen mit jedem Resultat

Ihre Resultats-Entwicklung

Sie haben dieses Quiz noch nicht gespielt